[Event "Borac-Jastrebac"]
[Site "Sokobanja"]
[Date "2005.09.25"]
[Round "1.1"]
[White "Spasov, Vasil"]
[Black "Kukov, Velislav"]
[Result "1-0"]
[WhiteElo "2551"]
[BlackElo "2258"]
[PlyCount "71"]
[EventDate "2005.??.??"]
[TimeControl "300"]

1. e4 c6 2. d4 d5 3. Nd2 dxe4 4. Nxe4 Bf5 5. Ng3 Bg6 6. Nf3 Nd7 7. h4 h6 8. h5
Bh7 9. Bd3 Bxd3 10. Qxd3 Qc7 11. Bd2 e6 12. Ne4 Ngf6 13. O-O-O Bd6 14. g3 Nxe4
15. Qxe4 Nf6 16. Qe2 O-O-O 17. c4 c5 18. Bc3 Rhe8 19. Ne5 cxd4 20. Bxd4 Bxe5
21. Bxe5 Qc5 22. Rhe1 Rxd1+ 23. Rxd1 Rd8 24. Rxd8+ Kxd8 25. b3 Nd7 26. Bc3 Nf6
27. Qd2+ Kc8 28. Bxf6 gxf6 29. Qxh6 Qxf2 30. Qf8+ Kd7 31. Qxf7+ Kd6 32. Qf8+
Kd7 33. Qb4 Qxa2 34. Qxb7+ Kd6 35. Qb4+ Kc7 36. Qe7+ 1-0

[Event "Jastrebac-Borac"]
[Site "Sokobanja"]
[Date "2005.09.25"]
[Round "1.1"]
[White "Zafirovski, Mite"]
[Black "Paunovic, Dragan"]
[Result "0-1"]
[WhiteElo "2292"]
[BlackElo "2503"]
[PlyCount "102"]
[EventDate "2005.??.??"]
[TimeControl "300"]

1. d4 d6 2. Nf3 Nf6 3. c4 g6 4. g3 Bg7 5. Bg2 O-O 6. Nc3 c6 7. O-O Qa5 8. e4 e5
9. h3 Nbd7 10. Re1 exd4 11. Nxd4 Re8 12. Rb1 Ne5 13. Bf1 Qd8 14. f4 Ned7 15.
Bg2 a5 16. Be3 a4 17. b3 axb3 18. axb3 h5 19. Qc2 Qe7 20. Bf2 Qf8 21. Nf3 Nc5
22. Ng5 Nh7 23. Nxh7 Kxh7 24. b4 Ra3 25. Re3 Rxc3 26. Rxc3 Bxc3 27. bxc5 Bg7
28. cxd6 Qxd6 29. c5 Qe7 30. h4 Rd8 31. Rd1 Bg4 32. Rxd8 Qxd8 33. e5 Bf5 34.
Be4 Bxe4 35. Qxe4 Qd7 36. Kf1 Qd1+ 37. Kg2 Kg8 38. e6 Kf8 39. exf7 Qd5 40. Kf3
Kxf7 41. Be1 Bf6 42. Bf2 Bc3 43. Ke3 Qxc5+ 44. Ke2 Qb5+ 45. Ke3 Ba5 46. Qc2
Bb6+ 47. Kf3 Qd5+ 48. Ke2 Bxf2 49. Kxf2 b5 50. Qc3 Qe4 51. Qc5 Ke6 0-1

[Event "Borac-Jastrebac"]
[Site "Sokobanja"]
[Date "2005.09.25"]
[Round "1.1"]
[White "Vratonjic, Slobo"]
[Black "Djordjevic, Nebojsa"]
[Result "1-0"]
[WhiteElo "2455"]
[BlackElo "2266"]
[PlyCount "55"]
[EventDate "2005.??.??"]
[TimeControl "300"]

{256MB, Fritz8.ctg, ILIJA} 1. e4 d5 2. exd5 Qxd5 3. Nc3 Qa5 4. Nf3 Bg4 5. h3
Bh5 6. b4 Qb6 7. g4 Bg6 8. Bg2 c6 9. Ne5 Qc7 10. Nxg6 hxg6 11. b5 e6 12. Rb1
Ne7 13. Qe2 a6 14. a4 axb5 15. axb5 Nc8 16. d4 Qa5 17. Bd2 Bb4 18. Qc4 Bxc3 19.
Bxc3 Qc7 20. bxc6 bxc6 21. Qc5 Ne7 22. Bb4 Na6 23. Qxe7+ Qxe7 24. Bxe7 Kxe7 25.
Rb7+ Kd6 26. Rxf7 Nb4 27. Kd2 Ra2 28. Be4 1-0

[Event "Jastrebac-Borac"]
[Site "Sokobanja"]
[Date "2005.09.25"]
[Round "1.1"]
[White "Milutinovic, Zoran"]
[Black "Marinkovic, Ivan"]
[Result "1/2-1/2"]
[WhiteElo "2171"]
[BlackElo "2444"]
[PlyCount "60"]
[EventDate "2005.??.??"]
[TimeControl "300"]

{256MB, Fritz8.ctg, ILIJA} 1. b3 e5 2. Bb2 Nc6 3. c4 Nf6 4. Nf3 e4 5. Nd4 Bc5
6. Nxc6 dxc6 7. e3 Bf5 8. Na3 Qe7 9. Nc2 O-O 10. Be2 Nd7 11. d4 exd3 12. Bxd3
Bxd3 13. Qxd3 f5 14. O-O-O Ne5 15. Qe2 a5 16. h3 Ng6 17. Qd2 Bd6 18. g3 Kh8 19.
Kb1 a4 20. Nd4 axb3 21. axb3 Ba3 22. Ba1 Bb4 23. Qc2 c5 24. Nb5 h6 25. Bb2 Rf7
26. h4 Qe6 27. Nc3 c6 28. Ne2 h5 29. Nf4 Nxf4 30. gxf4 b5 1/2-1/2

[Event "Borac-Jastrebac"]
[Site "Sokobanja"]
[Date "2005.09.25"]
[Round "1.1"]
[White "Narandzic, Vlado"]
[Black "Jovanovic, Dragan"]
[Result "1-0"]
[WhiteElo "2346"]
[BlackElo "2101"]
[PlyCount "91"]
[EventDate "2005.??.??"]
[TimeControl "300"]

{256MB, Fritz8.ctg, ILIJA} 1. e4 e5 2. Nf3 Nc6 3. Bc4 Bc5 4. c3 Qf6 5. d3 Nge7
6. b4 Bb6 7. Bg5 Qd6 8. Na3 a6 9. Bb3 h6 10. Nc4 Qg6 11. Nxb6 cxb6 12. Be3 b5
13. O-O d6 14. Ne1 O-O 15. f4 Be6 16. f5 Bxb3 17. Qxb3 Qf6 18. Nf3 Rfd8 19. g4
d5 20. h4 Qd6 21. Bc5 Qd7 22. Rae1 f6 23. g5 Kh7 24. Re2 Rac8 25. Rg2 Rg8 26.
Kh1 dxe4 27. dxe4 Qd3 28. Nd2 Rcf8 29. Rfg1 Qh3+ 30. Rh2 Qd3 31. Qe6 Qd8 32.
Rhg2 Qc8 33. Qb3 Qe8 34. Qd1 g6 35. h5 gxf5 36. g6+ Kg7 37. exf5 Qd7 38. Qg4
Rd8 39. Rf2 Nd5 40. Ne4 b6 41. Rd2 Qc7 42. Rgd1 bxc5 43. Nxc5 Qe7 44. Rxd5 Rxd5
45. Rxd5 Rf8 46. Rd7 1-0

[Event "Jastrebac-Borac"]
[Site "Sokobanja"]
[Date "2005.09.25"]
[Round "1.1"]
[White "Rilak, Slavoljub"]
[Black "Radovanovic, Dusan"]
[Result "1-0"]
[WhiteElo "2055"]
[BlackElo "2368"]
[PlyCount "64"]
[EventDate "2005.??.??"]
[TimeControl "300"]

{256MB, Fritz8.ctg, ILIJA} 1. e4 c5 2. Nf3 Nc6 3. d4 cxd4 4. Nxd4 Nf6 5. Nc3 e5
6. Ndb5 d6 7. Bg5 a6 8. Na3 b5 9. Nd5 Be7 10. Bxf6 Bxf6 11. Nxf6+ Qxf6 12. Bd3
O-O 13. c3 Bb7 14. Nc2 Ne7 15. Ne3 Rad8 16. Qc2 Qg5 17. O-O d5 18. exd5 f5 19.
Rfe1 e4 20. Bf1 f4 21. Nd1 Bxd5 22. c4 Ba8 23. cxb5 axb5 24. Qb3+ Kh8 25. Qxb5
Nf5 26. Nc3 e3 27. fxe3 fxe3 28. Re2 Qg6 29. Rd1 Rxd1 30. Nxd1 Nd4 31. Qc4 Nf3+
32. Kh1 Ne5 1-0

[Event "MetalacTakovo-Jasenica"]
[Site "Sokobanja"]
[Date "2005.09.25"]
[Round "1.2"]
[White "Kojovic, Dragan"]
[Black "Vajda, Albert"]
[Result "1/2-1/2"]
[WhiteElo "2324"]
[BlackElo "2439"]
[PlyCount "107"]
[EventDate "2005.??.??"]
[TimeControl "300"]

{256MB, Fritz8.ctg, ILIJA} 1. e4 e5 2. Nc3 Nf6 3. f4 d5 4. fxe5 Nxe4 5. Nf3 Be6
6. Qe2 Nxc3 7. dxc3 c6 8. Bf4 Nd7 9. O-O-O Nc5 10. Nd4 Qa5 11. Kb1 Ne4 12. g3
Qb6 13. Ka1 h5 14. Nxe6 fxe6 15. Bh3 g5 16. Be3 Bc5 17. Bd4 Bxd4 18. cxd4 g4
19. Bg2 Ng5 20. Qe3 Rg8 21. h4 gxh3 22. Bxh3 Qc7 23. Bf1 O-O-O 24. Bd3 Rdf8 25.
Rxh5 Qe7 26. Rdh1 Kb8 27. a3 a6 28. Rh6 Ka7 29. Qe2 c5 30. dxc5 Qxc5 31. Rf6
Rc8 32. Kb1 Rc6 33. Rg6 Rxg6 34. Bxg6 Rc7 35. Rf1 Rg7 36. Bd3 Nf7 37. Qh5 Qc7
38. Rf6 Ng5 39. Qe2 Qb6 40. Ka2 Qd4 41. Rf4 Qc5 42. Rg4 Qb6 43. Qf1 Rf7 44. Rf4
Rg7 45. Rf8 Qc5 46. Qf6 Rc7 47. Qd8 Nf7 48. Qa8+ Kb6 49. Re8 Qc6 50. g4 d4 51.
g5 Qd5+ 52. Ka1 Nxe5 53. Rc8 Qh1+ 54. Ka2 1/2-1/2

[Event "Jasenica-MetalacTakovo"]
[Site "Sokobanja"]
[Date "2005.09.25"]
[Round "1.2"]
[White "Djoric, Dusan"]
[Black "Rabrenovic, Vladan"]
[Result "1/2-1/2"]
[WhiteElo "2316"]
[BlackElo "2319"]
[PlyCount "21"]
[EventDate "2005.??.??"]
[TimeControl "300"]

{256MB, Fritz8.ctg, ILIJA} 1. e4 d6 2. d4 Nf6 3. f3 e5 4. dxe5 dxe5 5. Qxd8+
Kxd8 6. Bc4 Ke8 7. Be3 Nbd7 8. Nc3 c6 9. a4 a5 10. Nge2 Bc5 11. Kf2 1/2-1/2

[Event "MetalacTakovo-Jasenica"]
[Site "Sokobanja"]
[Date "2005.09.25"]
[Round "1.2"]
[White "Gavrilovic, Leonardo"]
[Black "Milosevic, Slavisa"]
[Result "1/2-1/2"]
[WhiteElo "2264"]
[BlackElo "2291"]
[PlyCount "52"]
[EventDate "2005.??.??"]
[TimeControl "300"]

{256MB, Fritz8.ctg, ILIJA} 1. Nf3 b5 2. e4 Bb7 3. Bxb5 Bxe4 4. Nc3 Bb7 5. d4
Nf6 6. Bg5 e6 7. O-O Be7 8. Re1 O-O 9. Qe2 d6 10. Rad1 Nbd7 11. Ba6 Qc8 12. Bd3
Re8 13. Ne4 h6 14. Bd2 c5 15. dxc5 Nxe4 16. Bxe4 d5 17. Bd3 Nxc5 18. Ne5 Nxd3
19. Qxd3 Ba6 20. Qg3 Qxc2 21. Bxh6 Qh7 22. Bd2 Rac8 23. Qg4 Qh4 24. Qf3 Qf6 25.
Qg4 Qh4 26. Qf3 Qf6 1/2-1/2

[Event "Jasenica-MetalacTakovo"]
[Site "Sokobanja"]
[Date "2005.09.25"]
[Round "1.2"]
[White "Stankovic, Dragan"]
[Black "Irizanin, Radoje"]
[Result "1-0"]
[WhiteElo "2332"]
[BlackElo "2228"]
[PlyCount "71"]
[EventDate "2005.??.??"]
[TimeControl "300"]

{256MB, Fritz8.ctg, ILIJA} 1. g3 d5 2. Bg2 c6 3. d3 Nf6 4. Nd2 Bg4 5. h3 Bh5 6.
g4 Bg6 7. f4 e6 8. e4 dxe4 9. dxe4 h6 10. Qe2 Be7 11. Ngf3 Nbd7 12. O-O h5 13.
g5 Bc5+ 14. Kh1 Ng4 15. Nb3 Bb6 16. a4 a5 17. Bd2 Qc7 18. f5 Bh7 19. g6 Bg8 20.
fxe6 fxe6 21. Bg5 Qg3 22. Bh4 Qf4 23. Bg5 Qg3 24. Rad1 Nde5 25. Bh4 Qf4 26. Bg5
Qg3 27. Qd2 h4 28. Qd6 Nf6 29. Qxe5 Qxe5 30. Nxe5 Rh5 31. Bxf6 gxf6 32. Ng4 Ke7
33. Nxf6 Rg5 34. Rd7+ Kf8 35. Nd5+ Ke8 36. Re7+ 1-0

[Event "MetalacTakovo-Jasenica"]
[Site "Sokobanja"]
[Date "2005.09.25"]
[Round "1.2"]
[White "Radivojevic, Miladin"]
[Black "Rihterovic, Milan"]
[Result "1-0"]
[WhiteElo "2171"]
[BlackElo "2249"]
[PlyCount "113"]
[EventDate "2005.??.??"]
[TimeControl "300"]

{256MB, Fritz8.ctg, ILIJA} 1. e4 e5 2. Nf3 Nc6 3. Bb5 a6 4. Ba4 Nf6 5. O-O Nxe4
6. d4 b5 7. Bb3 d5 8. dxe5 Be6 9. Nbd2 Nc5 10. c3 Bg4 11. Qe2 Be7 12. Bc2 Qd7
13. b4 Ne6 14. a4 O-O 15. Rd1 Nf4 16. Qe3 Ng6 17. Qd3 Qe6 18. Re1 Rab8 19. h3
Bxf3 20. Nxf3 Rfd8 21. axb5 axb5 22. Rb1 Rd7 23. Be3 Nd8 24. Ra1 Qc6 25. Nd4
Qb7 26. Qf5 c5 27. Nb3 cxb4 28. Ra7 Qxa7 29. Bxa7 Rxa7 30. cxb4 Bxb4 31. Rd1
Ne6 32. Rxd5 Bc3 33. g3 Rc7 34. Qd3 b4 35. f4 Bb2 36. Qe4 Rbc8 37. Bd3 Bc3 38.
f5 Ng5 39. Qe3 Ne7 40. Rc5 Rxc5 41. Nxc5 h6 42. h4 Nd5 43. Qe2 Bd4+ 44. Kh2 Nh7
45. Qe4 Bxc5 46. Qxd5 Nf8 47. Bc4 Rc7 48. g4 Be3 49. Kg3 Rd7 50. Qc6 Re7 51.
Qd6 Rd7 52. Qxb4 Bd2 53. Qb3 Be1+ 54. Kh3 Rc7 55. g5 Nd7 56. e6 fxe6 57. fxe6
1-0

[Event "Sloga-InaDizajn"]
[Site "Sokobanja"]
[Date "2005.09.25"]
[Round "1.3"]
[White "Organdziev, Oliver"]
[Black "Andonov, Bogumil"]
[Result "0-1"]
[WhiteElo "2326"]
[BlackElo "2418"]
[PlyCount "100"]
[EventDate "2005.??.??"]
[TimeControl "300"]

{256MB, Fritz8.ctg, ILIJA} 1. e4 c5 2. Nf3 Nc6 3. Bb5 g6 4. O-O Nf6 5. Bxc6
dxc6 6. d3 Bg7 7. h3 Nd7 8. Nbd2 Nf8 9. a4 e5 10. Nc4 f6 11. Be3 Ne6 12. a5 O-O
13. Qd2 Re8 14. b4 Nd4 15. Nxd4 cxd4 16. Bh6 g5 17. Bxg7 Kxg7 18. Qe2 Be6 19.
Nd2 Qe7 20. Rfb1 Rh8 21. Nf1 h5 22. Ng3 Kg6 23. Qd2 h4 24. Nf1 b5 25. axb6 axb6
26. c4 Ra7 27. Rxa7 Qxa7 28. b5 c5 29. Qd1 Ra8 30. Nd2 Qa2 31. f3 Kf7 32. Kf1
Ke7 33. Ke2 f5 34. Qb3 fxe4 35. fxe4 Bf7 36. Rb2 Bh5+ 37. Kf2 Qa1 38. Rb1 Qc3
39. Qxc3 dxc3 40. Nf1 Ra2+ 41. Kg1 Be2 42. Rc1 c2 43. Nd2 Bxd3 44. Kf2 Rb2 45.
Ke3 Rb1 46. Kxd3 Rxc1 47. Nf3 Rg1 48. Kxc2 Rxg2+ 49. Kd1 Kf6 50. Ke1 Rc2 0-1

[Event "InaDizajn-Sloga"]
[Site "Sokobanja"]
[Date "2005.09.25"]
[Round "1.3"]
[White "Muratovic, Alija"]
[Black "Panic, Nenad"]
[Result "0-1"]
[WhiteElo "2417"]
[BlackElo "2314"]
[PlyCount "94"]
[EventDate "2005.??.??"]
[TimeControl "300"]

{256MB, Fritz8.ctg, ILIJA} 1. e4 c5 2. Nf3 e6 3. d4 cxd4 4. Nxd4 a6 5. Bd3 Nc6
6. Nxc6 dxc6 7. O-O e5 8. Qe2 Nf6 9. a4 Bg4 10. f3 Bc5+ 11. Be3 Qb6 12. Bxc5
Qxc5+ 13. Kh1 Be6 14. Nd2 Rd8 15. Nc4 Bxc4 16. Bxc4 b5 17. Bd3 O-O 18. Qe1 Rd4
19. axb5 axb5 20. Ra6 Rc8 21. Qa5 Ra4 22. Qb6 Qxb6 23. Rxb6 Ra7 24. Bxb5 cxb5
25. Rxb5 Nd7 26. Rd1 f6 27. c3 Kf7 28. Kg1 Ke7 29. Kf2 Rc6 30. Ke3 Nb6 31. f4
Nc4+ 32. Kf3 exf4 33. Kxf4 Nd6 34. Rbd5 Nc4 35. Rb5 g5+ 36. Kf3 h5 37. h4 Ne5+
38. Ke3 gxh4 39. Rh1 Ke6 40. Rxh4 Rg7 41. Kf2 Rd6 42. Rd5 Rxd5 43. exd5+ Kxd5
44. Rxh5 Ke4 45. Rh4+ Ng4+ 46. Ke2 f5 47. Kd2 f4 0-1

[Event "Sloga-InaDizajn"]
[Site "Sokobanja"]
[Date "2005.09.25"]
[Round "1.3"]
[White "Jovic, Stanoje"]
[Black "Milosavljevic, Milisav"]
[Result "1/2-1/2"]
[WhiteElo "2327"]
[BlackElo "2182"]
[PlyCount "179"]
[EventDate "2005.??.??"]
[TimeControl "300"]

{256MB, Fritz8.ctg, ILIJA} 1. c4 e6 2. Nf3 d5 3. b3 Nf6 4. Bb2 Be7 5. e3 O-O 6.
Be2 b6 7. O-O Bb7 8. d3 c5 9. Ne5 Nc6 10. Nxc6 Bxc6 11. Bf3 Qd7 12. Nc3 dxc4
13. dxc4 Qxd1 14. Rfxd1 Bxf3 15. gxf3 Rfd8 16. a4 Rxd1+ 17. Rxd1 a5 18. Nb5 Rd8
19. Rxd8+ Bxd8 20. Bxf6 Bxf6 21. Nd6 Bd8 22. f4 Kf8 23. Kg2 Ke7 24. Ne4 f5 25.
Nc3 Kd7 26. h3 Bf6 27. Nb5 Bb2 28. Kf3 Kc6 29. Na7+ Kc7 30. Nb5+ Kd7 31. Na7 g6
32. Nb5 h6 33. Na7 e5 34. fxe5 Bxe5 35. Nb5 g5 36. e4 Ke6 37. Na3 h5 38. exf5+
Kxf5 39. Nc2 Bd4 40. Ne1 Bc3 41. Ng2 Bd2 42. Ke2 Bc1 43. f3 Bb2 44. Kd3 Bd4 45.
Ke2 Ke5 46. Kd3 Bg1 47. Kc3 Bh2 48. Kd3 Bg3 49. Ke3 Kf5 50. Kd3 Bf2 51. Ke2 Bd4
52. Kd3 Bg7 53. Ke3 Ke5 54. Kd3 Bf6 55. Ke3 Be7 56. Kd3 Bf8 57. Ke3 Bg7 58. Kd3
Bh6 59. Ke3 Kf5 60. Kd3 Bg7 61. Ke3 Bf8 62. Kd3 Bh6 63. Kc3 Bg7+ 64. Kd3 Bd4
65. Ke2 Bg1 66. Kd3 Ke5 67. Kc3 h4 68. Kd3 Bf2 69. Ke2 Bg3 70. Ke3 Bh2 71. Kd3
Bg3 72. Ke3 Kf5 73. Kd3 Bf2 74. Ke2 Bg3 75. Ke3 Ke5 76. Kd3 Bf2 77. Ke2 Bg3 78.
Ke3 Bh2 79. Kd3 Bf4 80. Kc3 Bg3 81. Kd3 Bf4 82. Kc3 Bh2 83. Kd3 Bg3 84. Ke3 Bh2
85. Kd3 Bf4 86. Kc3 Bg3 87. Kd3 Bf2 88. Ke2 Bg3 89. Ke3 Bh2 90. Kd3 1/2-1/2

[Event "InaDizajn-Sloga"]
[Site "Sokobanja"]
[Date "2005.09.25"]
[Round "1.3"]
[White "Djakovac, Enes"]
[Black "Djokic, Nebojsa"]
[Result "1/2-1/2"]
[WhiteElo "2211"]
[BlackElo "2236"]
[PlyCount "61"]
[EventDate "2005.??.??"]
[TimeControl "300"]

{256MB, Fritz8.ctg, ILIJA} 1. e4 c5 2. Nf3 Nc6 3. Nc3 Nf6 4. Bc4 e6 5. O-O Nxe4
6. Nxe4 d5 7. Qe2 dxc4 8. Qxc4 Qd5 9. Qe2 Be7 10. Rd1 Nd4 11. Nxd4 cxd4 12. d3
O-O 13. c4 Qc6 14. Re1 b6 15. Rb1 a5 16. b3 Bb7 17. f3 e5 18. Bd2 Rfe8 19. b4
f5 20. Ng3 Bh4 21. Nxf5 Bxe1 22. Bxe1 Bc8 23. b5 Qg6 24. Ng3 Bf5 25. Rd1 Rac8
26. Qd2 h6 27. Nxf5 Qxf5 28. Bg3 g5 29. Re1 Re6 30. Re4 Kh7 31. h3 1/2-1/2

[Event "Sloga-InaDizajn"]
[Site "Sokobanja"]
[Date "2005.09.25"]
[Round "1.3"]
[White "Zivkovic, Momcilo"]
[Black "Ikic, Alija"]
[Result "1/2-1/2"]
[WhiteElo "2148"]
[BlackElo "2106"]
[PlyCount "106"]
[EventDate "2005.??.??"]
[TimeControl "300"]

{256MB, Fritz8.ctg, ILIJA} 1. e4 d6 2. d4 Nf6 3. Nc3 g6 4. f4 Bg7 5. e5 Nfd7 6.
Be3 c5 7. exd6 exd6 8. dxc5 dxc5 9. Qd6 Bf8 10. Qd2 Nc6 11. O-O-O Qa5 12. Kb1
Bg7 13. Ne4 Qxd2 14. Rxd2 Bf8 15. Bb5 f5 16. Ng5 Nb6 17. Re2 Kd7 18. Ne6 Bd6
19. Nxc5+ Kc7 20. Nf3 Re8 21. Ne5 Bxe5 22. fxe5 Nd5 23. Nd3 Bd7 24. Bc4 Be6 25.
Bb3 Rad8 26. Bg5 Rc8 27. Nc5 Bg8 28. Rd1 Nb6 29. Bxg8 Rxg8 30. e6 Rce8 31. b3
Kc8 32. a4 Rh8 33. Rd7 Rxe6 34. Rxe6 Nxd7 35. Nxd7 Kxd7 36. Rf6 Nd8 37. Bf4 Re8
38. Rd6+ Kc8 39. h4 Re4 40. g3 Ne6 41. Bc1 Kc7 42. Rd3 Rg4 43. Rc3+ Kd7 44.
Rd3+ Kc6 45. Ba3 Rd4 46. Re3 Kd7 47. Bb2 Rd1+ 48. Ka2 h6 49. Bf6 g5 50. hxg5
hxg5 51. Rf3 f4 52. Be5 Rd2 53. Kb1 Nd4 1/2-1/2

[Event "SlobodaBohor-Ribnica"]
[Site "Sokobanja"]
[Date "2005.09.25"]
[Round "1.4"]
[White "Misailovic, Nebojsa"]
[Black "Vencl, Radivoje"]
[Result "1-0"]
[WhiteElo "2357"]
[BlackElo "2300"]
[PlyCount "89"]
[EventDate "2005.??.??"]
[TimeControl "300"]

{256MB, Fritz8.ctg, ILIJA} 1. e4 Nc6 2. Nf3 e5 3. Bb5 Nd4 4. Nxd4 exd4 5. c3
Qg5 6. Bf1 Bc5 7. d3 Qe7 8. Be2 d6 9. cxd4 Bb6 10. O-O Bd7 11. Be3 f5 12. Nc3
Nf6 13. a4 a5 14. e5 dxe5 15. dxe5 Qxe5 16. Bxb6 cxb6 17. Bh5+ Kf8 18. d4 Qd6
19. Bf3 Rd8 20. Qd2 Bc6 21. d5 Kf7 22. Qc2 Bd7 23. Ne2 Rhe8 24. Rac1 Rc8 25.
Qb3 g6 26. g3 Rxc1 27. Rxc1 Ne4 28. Bxe4 Rxe4 29. Nc3 Rb4 30. Qc2 h5 31. Qd2
Kg7 32. Re1 h4 33. Qg5 Kf7 34. Qd8 Rxb2 35. Re6 Qxe6 36. dxe6+ Bxe6 37. Qc7+
Kg8 38. gxh4 Rb4 39. h3 Bf7 40. h5 gxh5 41. Qc8+ Kg7 42. Qxf5 Rc4 43. Qe5+ Kg8
44. Ne4 Rxa4 45. Qg5+ 1-0

[Event "Ribnica-SlobodaBohor"]
[Site "Sokobanja"]
[Date "2005.09.25"]
[Round "1.4"]
[White "Miletic, Slobodan"]
[Black "Djokic, Vladan"]
[Result "1/2-1/2"]
[WhiteElo "2138"]
[BlackElo "2294"]
[PlyCount "120"]
[EventDate "2005.??.??"]
[TimeControl "300"]

{256MB, Fritz8.ctg, ILIJA} 1. e4 c5 2. Nf3 e6 3. d3 Nc6 4. Be2 d6 5. O-O Nf6 6.
Re1 Be7 7. c3 O-O 8. Nbd2 e5 9. Qc2 Rb8 10. Nf1 b5 11. Bg5 b4 12. Bxf6 Bxf6 13.
Ne3 g6 14. Nd5 Bg7 15. Nd2 Be6 16. Nc4 Ne7 17. Nxe7+ Qxe7 18. Ne3 bxc3 19. bxc3
Rb7 20. Reb1 Rfb8 21. c4 h5 22. Rb3 Rb6 23. Rab1 Qd7 24. Bd1 Rxb3 25. Rxb3 Rxb3
26. Qxb3 Kh7 27. a4 Bh6 28. Nd5 Bxd5 29. cxd5 Bd2 30. Qb2 Bb4 31. Qc2 Qc7 32.
Qc4 Qe7 33. Qc1 Qd8 34. g3 Qa5 35. Kg2 Bc3 36. Qg5 Kg7 37. Qe3 Bd4 38. Qe2 Qc3
39. h4 Qc1 40. Qc2 Qh6 41. Qe2 Kf6 42. Qf3+ Ke7 43. Qe2 Qc1 44. Qc2 Qxc2 45.
Bxc2 Kd7 46. f3 Be3 47. Kf1 Kc7 48. Ke2 Bh6 49. Bb3 Kb6 50. Bc4 a6 51. Kf2 Ka5
52. Ke2 f6 53. Kf2 Bc1 54. Ke2 g5 55. hxg5 fxg5 56. Kf2 Kxa4 57. Bxa6 Kb3 58.
Kg2 Kc3 59. Bc4 Kd2 60. g4 h4 1/2-1/2

[Event "SlobodaBohor-Ribnica"]
[Site "Sokobanja"]
[Date "2005.09.25"]
[Round "1.4"]
[White "Andric, Zoran"]
[Black "Nikolajevic, Branislav"]
[Result "0-1"]
[WhiteElo "2260"]
[BlackElo "2121"]
[PlyCount "94"]
[EventDate "2005.??.??"]
[TimeControl "300"]

{256MB, Fritz8.ctg, ILIJA} 1. d4 Nf6 2. c4 e6 3. Nf3 Bb4+ 4. Nbd2 b6 5. a3
Bxd2+ 6. Bxd2 Bb7 7. Qc2 Ne4 8. Bf4 d6 9. Rd1 f5 10. h4 Qe7 11. Ng5 h6 12. Nxe4
Bxe4 13. Qc3 Nd7 14. d5 e5 15. Bc1 f4 16. f3 Bh7 17. e4 fxe3 18. Bxe3 Nf6 19.
Kd2 O-O 20. Kc1 Nh5 21. Qe1 Rae8 22. Qd2 Ng3 23. Rh3 Nxf1 24. Rxf1 Qf6 25. Rf2
Qg6 26. Kd1 Rf4 27. Qc3 Qb1+ 28. Bc1 Rd4+ 29. Rd2 Qa2 30. b3 Rxd2+ 31. Bxd2
Qxa3 32. Ke2 Qa2 33. Rh1 Bb1 34. Kf2 a5 35. Re1 Bc2 36. Re3 Rf8 37. Kg3 a4 38.
b4 Rf4 39. c5 Rc4 40. cxb6 cxb6 41. Qa3 Qxa3 42. Rxa3 Bb3 43. f4 Rd4 44. Be3
Rd3 45. Kf2 b5 46. fxe5 dxe5 47. Ra1 Bxd5 0-1

[Event "Ribnica-SlobodaBohor"]
[Site "Sokobanja"]
[Date "2005.09.25"]
[Round "1.4"]
[White "Nesic, Dragisa"]
[Black "Zivanic, Slobodan"]
[Result "1/2-1/2"]
[WhiteElo "2068"]
[BlackElo "2262"]
[PlyCount "56"]
[EventDate "2005.??.??"]
[TimeControl "300"]

{256MB, Fritz8.ctg, ILIJA} 1. d4 Nf6 2. c4 g6 3. Nc3 Bg7 4. e4 d6 5. Be2 O-O 6.
Nf3 Nbd7 7. O-O e5 8. d5 Nc5 9. Qc2 a5 10. Ne1 Nfd7 11. Be3 f5 12. f3 f4 13.
Bf2 g5 14. Nd3 Nxd3 15. Qxd3 h5 16. Rac1 b6 17. Qd1 Rf6 18. a3 Rg6 19. b4 axb4
20. axb4 Nf6 21. c5 bxc5 22. bxc5 Ne8 23. Ra1 Rxa1 24. Qxa1 g4 25. fxg4 Bxg4
26. Bxg4 hxg4 27. g3 Rh6 28. Qa4 Qe7 1/2-1/2

[Event "Telekom-Zadrugar"]
[Site "?"]
[Date "2005.09.25"]
[Round "1.5"]
[White "Runic, Zoran"]
[Black "Sahovic, Dragutin"]
[Result "1-0"]
[WhiteElo "2413"]
[BlackElo "2279"]
[PlyCount "57"]
[EventDate "2005.09.26"]

1. e4 c5 2. Nf3 d6 3. Bc4 Nc6 4. d3 Nf6 5. Bb3 e6 6. c3 Be7 7. Nbd2 O-O 8. O-O
d5 9. Re1 dxe4 10. dxe4 e5 11. Nc4 Qc7 12. Ne3 Rd8 13. Qe2 Na5 14. Bd5 Nxd5 15.
Nxd5 Qd6 16. Be3 Be6 17. Rad1 Kh8 18. b4 cxb4 19. cxb4 Bxd5 20. bxa5 Bxe4 21.
Rxd6 Bxd6 22. Bg5 Bxf3 23. Qxf3 Rd7 24. g3 h6 25. Be3 a6 26. Rd1 Rc8 27. Qf5
Rdd8 28. Bb6 Bc7 29. Rxd8+ 1-0

[Event "Zadrugar-Telekom"]
[Site "?"]
[Date "2005.09.25"]
[Round "1.5"]
[White "Stamenkovic, Zoran"]
[Black "Savicevic, Vlatko"]
[Result "1/2-1/2"]
[WhiteElo "2421"]
[BlackElo "2339"]
[PlyCount "36"]
[EventDate "2005.09.26"]

1. d4 d5 2. c4 e6 3. Nf3 Nf6 4. g3 dxc4 5. Qa4+ Bd7 6. Qxc4 Bc6 7. Bg2 Bd5 8.
Qa4+ Qd7 9. Qxd7+ Nbxd7 10. Nc3 Bc6 11. O-O h6 12. Re1 Ne4 13. Bf4 Bd6 14. Ne5
Bxe5 15. Bxe5 Nxe5 16. Nxe4 Nd7 17. Rac1 O-O-O 18. e3 Kb8 1/2-1/2

[Event "Telekom-Zadrugar"]
[Site "?"]
[Date "2005.09.25"]
[Round "1.5"]
[White "Adzic, Momcilo"]
[Black "Sekulic, Dusan"]
[Result "0-1"]
[WhiteElo "2240"]
[BlackElo "2366"]
[PlyCount "62"]
[EventDate "2005.09.26"]

1. e4 e5 2. Nf3 Nc6 3. Bb5 f5 4. d3 Nf6 5. O-O fxe4 6. dxe4 d6 7. Nbd2 Be7 8.
c3 O-O 9. Re1 Qe8 10. Bf1 Nd8 11. h3 Ne6 12. g3 Qh5 13. Qe2 Kh8 14. Bg2 a5 15.
Nf1 Nc5 16. g4 Qe8 17. Ng3 b6 18. Qc2 Ba6 19. Be3 Bd3 20. Qd1 Ba6 21. Bxc5 bxc5
22. b3 g6 23. Qd2 Nd7 24. Ng5 Bxg5 25. Qxg5 Rf4 26. h4 Nf8 27. h5 Ne6 28. Qh4
Qd8 29. Qxd8+ Rxd8 30. f3 Ng5 31. Kf2 Rdf8 0-1

[Event "Zadrugar-Bozevac"]
[Site "?"]
[Date "2005.09.25"]
[Round "1.5"]
[White "Trifunovic, Miroljub"]
[Black "Draskovic, Dragan"]
[Result "1-0"]
[WhiteElo "2265"]
[BlackElo "2173"]
[PlyCount "57"]
[EventDate "2005.09.26"]

1. d4 d5 2. c4 e6 3. Nc3 c6 4. Nf3 f5 5. g3 Nf6 6. Bg2 Bd6 7. O-O O-O 8. b3 b6
9. Bb2 Bb7 10. Qc2 Nbd7 11. cxd5 Nxd5 12. e4 Nb4 13. Qd2 Be7 14. a3 Na6 15.
Rfe1 Nc7 16. Rad1 Bf6 17. Qc2 g6 18. b4 Qc8 19. Qb3 Kh8 20. exf5 gxf5 21. Bc1
Re8 22. Bf4 Nd5 23. Nxd5 cxd5 24. Rc1 Qd8 25. Rc7 Bc8 26. Qc2 Qe7 27. Qc6 Rb8
28. Rxa7 Qd8 29. Bc7 1-0

[Event "Ribnica-Zadrugar"]
[Site "?"]
[Date "2005.09.26"]
[Round "2.1"]
[White "Vencl, Radivoje"]
[Black "Manolache, Marius"]
[Result "1/2-1/2"]
[WhiteElo "2300"]
[BlackElo "2462"]
[PlyCount "119"]
[EventDate "2005.09.26"]

1. e4 c5 2. f4 a6 3. Nf3 Nc6 4. c3 d5 5. e5 Nh6 6. d4 cxd4 7. Nxd4 Nf5 8. Nxf5
Bxf5 9. Be3 e6 10. Bd3 Bxd3 11. Qxd3 Qh4+ 12. g3 Qh3 13. Nd2 Rc8 14. Qf1 Qf5
15. Nf3 Qe4 16. Kf2 Be7 17. Qb1 Qa4 18. Qd1 Qa5 19. Qd3 O-O 20. Rhd1 Rfd8 21.
f5 exf5 22. Qxf5 g6 23. Qd3 Qa4 24. Bd4 Re8 25. Rd2 Nxd4 26. cxd4 Rc6 27. Kg2
Rec8 28. a3 Bf8 29. g4 Bh6 30. g5 Bf8 31. Rf1 Rc2 32. Rdf2 Rxf2+ 33. Rxf2 Qd7
34. h3 h5 35. Qe3 Rc6 36. Ne1 Be7 37. Qf4 Qe6 38. Nd3 Rc4 39. Qe3 Qb6 40. Qf3
Qe6 41. Nf4 Qf5 42. Nxd5 Qxf3+ 43. Kxf3 Bxg5 44. Ke4 Bd8 45. Nf6+ Kg7 46. Ne8+
Kf8 47. Nd6 Rxd4+ 48. Kxd4 Bb6+ 49. Ke4 Bxf2 50. Nxb7 Ke7 51. b4 Kd7 52. a4 Bg1
53. b5 axb5 54. axb5 Bb6 55. Nd6 Ke6 56. Nc4 Bc7 57. b6 Bb8 58. h4 f6 59. exf6
Kxf6 60. b7 1/2-1/2